书目信息 |
| 题名: |
对抗·博弈·合作
|
|
| 作者: | 张沱生 , 史文 编 | |
| 分册: | ||
| 出版信息: | 北京 世界知识出版社 2007 |
|
| 页数: | 321页 | |
| 开本: | 23cm | |
| 丛书名: | ||
| 单 册: | ||
| 中图分类: | D822.371.2 | |
| 科图分类: | ||
| 主题词: | 中美关系--紧急事件--案例--分析 , 中美关系 , 案例 , 紧急事件 | |
| 电子资源: | ||
| ISBN: | 978-7-5012-3070-9 | |
| 000 | 00991nam0 2200301 450 | |
| 000 | 00997nam0 2200301 450 | |
| 000 | 00924nam0 2200277 450 | |
| 000 | 00888nam0 2200265 45 | |
| 005 | 20070517174536.56 | |
| 010 | @a978-7-5012-3070-9@dCNY32.00 | |
| 100 | @a20070308d2007 em y0chiy0120 ea | |
| 101 | 1 | @achi@ceng |
| 102 | @aCN@b110000 | |
| 105 | @ay z 000yy | |
| 200 | 1 | @a对抗·博弈·合作@Adui kang· bo yi· he xuo@e中美安全危机管理案例分析@f张沱生,(美)史文编 |
| 210 | @a北京@c世界知识出版社@d2007 | |
| 215 | @a321页@d23cm | |
| 330 | @a本书是中美双方共同撰写的有关危机管理理论和案例研究的著作。 | |
| 517 | 1 | @a中美安全危机管理案例分析@Azhong mei an quan wei ji guan li an li fen xi |
| 606 | 0 | @a中美关系@x紧急事件@x案例@x分析 |
| 606 | 0 | @a中美关系 |
| 606 | 0 | @a案例 |
| 606 | 0 | @a紧急事件 |
| 690 | @aD822.371.2@v4 | |
| 701 | 0 | @a张沱生@Azhang tuo sheng@4编 |
| 701 | 1 | @c(美)@a史文@Ashi wen@4编 |
| 801 | 0 | @aCN@bTAOJIN@c20070517 |
| 905 | @a10447@dD822.371.2@e111 | |
| 对抗·博弈·合作:中美安全危机管理案例分析/张沱生,(美)史文编.-北京:世界知识出版社,2007 |
| 321页;23cm |
| ISBN 978-7-5012-3070-9:CNY32.00 |
| 本书是中美双方共同撰写的有关危机管理理论和案例研究的著作。 |
| ● |
| 相关链接 |
|
|
|
|
正题名:对抗·博弈·合作
索取号:D822.371.2/111
 
预约/预借
| 序号 | 登录号 | 条形码 | 馆藏地/架位号 | 状态 | 备注 |
| 1 | 0521236 | 205212367 | 第一样本阅览室/ [索取号:D822.371.2/111] | 在馆 | |
| 2 | 0521237 | 205212376 | 密集书库/ [索取号:D822.371.2/111] | 在馆 | |
| 3 | 0521238 | 205212385 | 第一借阅区/ [索取号:D822.371.2/111] | 在馆 | |
| 4 | 0521239 | 205212394 | 第一借阅区/ [索取号:D822.371.2/111] | 在馆 | |
| 5 | 0521240 | 205212401 | 密集书库/ [索取号:D822.371.2/111] | 在馆 | |
| 6 | 0521241 | 205212410 | 第一借阅区/ [索取号:D822.371.2/111] | 在馆 | |
| 7 | 0521242 | 205212429 | 第一借阅区/ [索取号:D822.371.2/111] | 在馆 | |
| 8 | 0521243 | 205212438 | 第一借阅区/ [索取号:D822.371.2/111] | 在馆 |